Fr. Conceicao Rodrigues College of Engineering

Introducing Unix system V (Record no. 27243)

MARC details
000 -LEADER
fixed length control field 00289nam a2200133Ia 4500
082 ## - DEWEY DECIMAL CLASSIFICATION NUMBER
Classification number 5.13
Item number MOR
100 ## - MAIN ENTRY--PERSONAL NAME
Personal name Morgan/R/ Mcgilton/H
245 ## - TITLE STATEMENT
Title Introducing Unix system V
260 ## - PUBLICATION, DISTRIBUTION, ETC.
Name of publisher, distributor, etc. McGraw Hill
Place of publication, distribution, etc. New York
Date of publication, distribution, etc. 1987
300 ## - PHYSICAL DESCRIPTION
Extent 612
546 ## - LANGUAGE NOTE
Language note ENGLISH
654 ## - SUBJECT ADDED ENTRY--FACETED TOPICAL TERMS
Focus term Unix
942 ## - ADDED ENTRY ELEMENTS (KOHA)
Koha item type BOOK
Holdings
Withdrawn status Lost status Damaged status Not for loan Collection Home library Current library Shelving location Date acquired Source of acquisition Cost, normal purchase price Inventory number Total Checkouts Full call number Barcode Date last seen Cost, replacement price Price effective from Koha item type
        CRC Fr. Agnel's C.Rodrigues College of Engineering Fr. Agnel's C.Rodrigues College of Engineering   17/03/2023 Union Book 292.65 T 447/92   5.13 MOR 4201 17/03/2023 292.65 17/03/2023 BOOK
        CRC Fr. Agnel's C.Rodrigues College of Engineering Fr. Agnel's C.Rodrigues College of Engineering   17/03/2023 Union Book 292.65 T 447/92   5.13 MOR 4202 17/03/2023 292.65 17/03/2023 BOOK
        CRC Fr. Agnel's C.Rodrigues College of Engineering Fr. Agnel's C.Rodrigues College of Engineering   17/03/2023 global books 208.00     005.15 'U' 6901 17/03/2023 208.00 17/03/2023 BOOK